000 00639nam a22001937a 4500
003 OSt
005 20250708070606.0
008 250708b |||||||| |||| 00| 0 eng d
020 _a0-664-24065-8
040 _aDWC-Main Lib
_cOC
082 _aCirc. 305.13 N427i 1988
100 _aNelson, James B.
245 _aThe intimate connection:
_bmale sexuality, masculine spirituality/
_cJames B. Nelson
260 _aPhiladelphia, Pennsylvania:
_bThe Westminster Press,
_cc1988.
300 _a140 pages:
_billustrations;
_c22cm.
650 _a1. Men-United States.
650 _a2. Masculinity (Psychology)
942 _2ddc
_cBK-CIRC
_kCirc.
_n0
999 _c3473
_d3473